When conflict resolution fails : (Record no. 354213)

000 -LEADER
fixed length control field 01422cam a2200325 i 4500
001 - CONTROL NUMBER
control field 19083108
003 - CONTROL NUMBER IDENTIFIER
control field NUST
005 - DATE AND TIME OF LATEST TRANSACTION
control field 20180117102603.0
008 - FIXED-LENGTH DATA ELEMENTS--GENERAL INFORMATION
fixed length control field 160505s2017 maub b 001 0 eng
010 ## - LIBRARY OF CONGRESS CONTROL NUMBER
LC control number 2016011436
020 ## - INTERNATIONAL STANDARD BOOK NUMBER
International Standard Book Number 9780745687988 (hardback)
020 ## - INTERNATIONAL STANDARD BOOK NUMBER
International Standard Book Number 9780745687995 (pbk.)
040 ## - CATALOGING SOURCE
Original cataloging agency DLC
Language of cataloging eng
Transcribing agency DLC
Description conventions rda
Modifying agency D LC
042 ## - AUTHENTICATION CODE
Authentication code pcc
043 ## - GEOGRAPHIC AREA CODE
Geographic area code a-is---
-- aw-----
050 00 - LIBRARY OF CONGRESS CALL NUMBER
Classification number JZ6010
Item number .R263 2017
082 00 - DEWEY DECIMAL CLASSIFICATION NUMBER
Classification number 303.69 RAM 2017
Edition number 23
100 1# - MAIN ENTRY--PERSONAL NAME
Personal name Ramsbotham, Oliver,
Relator term author.
9 (RLIN) 8467
245 10 - TITLE STATEMENT
Title When conflict resolution fails :
Remainder of title an alternative to negotiation and dialogue : engaging radical disagreement in intractable conflicts /
Statement of responsibility, etc. Oliver Ramsbotham.
264 #1 - PRODUCTION, PUBLICATION, DISTRIBUTION, MANUFACTURE, AND COPYRIGHT NOTICE
Place of production, publication, distribution, manufacture Malden, MA :
Name of producer, publisher, distributor, manufacturer Polity,
Date of production, publication, distribution, manufacture, or copyright notice 2017.
300 ## - PHYSICAL DESCRIPTION
Extent x, 243 pages :
Other physical details maps ;
Dimensions 23 cm
336 ## - CONTENT TYPE
Content type term text
Content type code txt
Source rdacontent
337 ## - MEDIA TYPE
Media type term unmediated
Media type code n
Source rdamedia
338 ## - CARRIER TYPE
Carrier type term volume
Carrier type code nc
Source rdacarrier
504 ## - BIBLIOGRAPHY, ETC. NOTE
Bibliography, etc. note Includes bibliographical references (pages 220-231) and index.
650 #0 - SUBJECT ADDED ENTRY--TOPICAL TERM
Topical term or geographic name entry element Conflict management.
9 (RLIN) 1884
650 #0 - SUBJECT ADDED ENTRY--TOPICAL TERM
Topical term or geographic name entry element Arab-Israeli conflict.
9 (RLIN) 8468
776 08 - ADDITIONAL PHYSICAL FORM ENTRY
Relationship information Online version:
Main entry heading Ramsbotham, Oliver, author.
Title When conflict resolution fails
Place, publisher, and date of publication Malden, MA : Polity Press, 2016
International Standard Book Number 9780745688015
Record control number (DLC) 2016023136
906 ## - LOCAL DATA ELEMENT F, LDF (RLIN)
a 7
b cbc
c orignew
d 1
e ecip
f 20
g y-gencatlg
942 ## - ADDED ENTRY ELEMENTS (KOHA)
Source of classification or shelving scheme
Koha item type Book
Holdings
Withdrawn status Lost status Source of classification or shelving scheme Damaged status Not for loan Collection code Permanent Location Current Location Shelving location Date acquired Total Checkouts Full call number Barcode Date last seen Date last checked out Price effective from Koha item type
            Centre for International Peace & Stability (CIPS) Centre for International Peace & Stability (CIPS) General Stacks 01/17/2018 2 303.69 RAM 2017 CIPS0002893 05/27/2024 05/06/2024 01/17/2018 Book
© 2023 Central Library, National University of Sciences and Technology. All Rights Reserved.